[Event "RUS-ch 56th"]
[Site "Krasnoyarsk"]
[Date "2003.09.05"]
[Round "3"]
[White "Inarkiev, Ernesto"]
[Black "Morozevich, Alexander"]
[Result "0-1"]
[WhiteElo "2582"]
[BlackElo "2679"]
[Annotator "Kortschnoj,V"]
[PlyCount "56"]
[EventDate "2003.09.03"]
[EventType "swiss"]
[EventRounds "9"]
[EventCountry "RUS"]
[SourceTitle "CBM 098"]
[Source "ChessBase"]
[SourceDate "2004.02.03"]
[SourceVersion "1"]
[SourceVersionDate "2004.02.03"]
[SourceQuality "1"]

1. e4 {Finkel,A} e6 2. d4 d5 3. Nc3 Nf6 4. Bg5 Be7 5. e5 Nfd7 6. Bxe7 Qxe7 7.
f4 a6 {Normally people play this move in order to continue c7-c5, preventing
the unpleasant Nb5. But not in this game!} 8. Nf3 Nb6 9. Qd2 {Knowing the
continuation of the game, I recommend now to play the careful 9.a3. But who
would abstain here from making active developing move with the queen?!} Bd7 {
Here after 10.Bd3 10...Nc4 should be taken into account. Because of that the
next developing move seems to be the most reasonable.} 10. O-O-O $6 {But...
Finkel,A: 'Inaccuracy permitting black to get rid of his lightsquared bishop,
thus solving all his opening problems. The right way to play was shown by
Naiditsch in his game against Sakaev.'} (10. Bd3 $5 {Finkel,A} c5 11. O-O Nc6
12. dxc5 Qxc5+ 13. Kh1 Ne7 14. Ne2 Qc7 15. b3 $14 {Gutierrez,J-Santamaria,M/
Duitama 1999}) (10. a4 {Finkel,A} Qb4 11. b3 Nc6 12. Nd1 Qxd2+ 13. Kxd2 f6 14.
Ne3 O-O 15. c3 $14 {Naiditsch,A-Sakaev,K/Rethymnon 2003}) 10... Bb5 $1 {
Black has won the theoretical battle - he changes his bad bishop!} (10... Nc6 {
Finkel,A} 11. h3 O-O-O 12. g4 Kb8 13. Bd3 Na7 14. f5 h6 15. Ne2 Nc4 16. Bxc4
dxc4 17. Qf4 $14 {Lahno,K-Iljushin,A/Istanbul 2003}) 11. Nxb5 {'?!' Finkel,A.
Finkel,A: 'White is playing with the fire. '} (11. Bd3 $5 Bxd3 $140 12. cxd3 $1
) (11. Kb1 {Finkel,A} Bxf1 12. Rdxf1 Nc4 13. Qd3 Nd7 14. Nd2 Nxd2+ 15. Qxd2 Nb6
$13) 11... axb5 12. Bxb5+ c6 13. Bd3 Rxa2 14. Kb1 $6 {The white position was
not yet lost but it badly needed a careful treatment. First of all white had
to challenge the black domination along the a-file. So,correct was} (14. Qc3
O-O ({or} 14... Qc7 15. b3 {and then either Kd2 + Ra1 or Kb1 Ra7 Kb2 and so on,
with about equal play.}) 15. Kd2 {and then Ra1 or}) 14... Ra4 15. g4 $2 {
One should not have a title of a master to make such moves. His king's house
is in danger, but he does not care!  Finkel,A: 'An attempt to get some
counterplay on the kingside, but unfortunately for white black's play on the
queenside is much faster.'} (15. c3 {was obligatory. After} Nc4 16. Bxc4 dxc4
17. Kc2 b5 18. Ra1 Qa7 19. Qd1 O-O {black stands clearly better, but at least
the white king will not be mated in the middlegame.}) (15. b3 $6 {Finkel,A} Ra7
(15... Qa3 $2 16. bxa4 Nxa4 17. c3 Qb3+ 18. Ka1 Nxc3 19. Bb1 $16) 16. c3 O-O
17. f5 exf5 18. Bxf5 N8d7 $17) 15... Nc4 16. Bxc4 (16. Qc3 $2 {[%csl Rc3]
Finkel,A} b5 $17) 16... dxc4 17. Ng5 (17. c3 {Finkel,A} b5 18. Kc2 b4 19. Rb1
c5 $36 {[%csl Rc2]}) 17... b5 18. Qe3 Na6 19. c3 {Finkel,A: 'Missing the last
chance to fight for survival. It was necessary to try'} (19. Ne4 $1 {Finkel,A}
O-O 20. f5 Nb4 21. f6 (21. c3 $2 Ra1+ 22. Kxa1 Nc2+ $19) 21... Qa7 22. Kc1 Nd5
23. Qg5 Ra1+ 24. Kd2 Qxd4+ (24... Rxd1+ $2 25. Ke2 $1 Nf4+ 26. Kf3 Ng6 27. Rxd1
$132) 25. Ke2 Qxe4+ 26. Kf2 Qxc2+ 27. Kg3 Qg6 28. Qxg6 fxg6 29. Rxa1 gxf6 30.
exf6 Rxf6 31. Ra7 $15) 19... Nc7 20. Ne4 Nd5 21. Qf3 O-O 22. f5 b4 23. Rhf1
bxc3 24. Nxc3 ({After} 24. fxe6 {black would answer with a cool} Qxe6 {
retaining all advantages of his position.}) 24... Nxc3+ 25. Qxc3 Rb8 26. Rf3
Rb3 27. Qc2 Qa7 28. Qf2 c3 0-1

[Event "Olympiad-32"]
[Site "Yerevan"]
[Date "1996.09.30"]
[Round "13.2"]
[White "Situru, Nathanael"]
[Black "Huebner, Robert"]
[Result "0-1"]
[WhiteElo "2385"]
[BlackElo "2595"]
[Annotator "Lempert,I"]
[PlyCount "96"]
[EventDate "1996.09.15"]
[EventType "team-swiss"]
[EventRounds "14"]
[EventCountry "ARM"]
[SourceTitle "CBM 055"]
[Source "ChessBase"]
[SourceDate "1996.12.01"]
[SourceVersion "1"]
[SourceVersionDate "1996.12.01"]
[SourceQuality "1"]
[WhiteTeam "Indonesia"]
[BlackTeam "Germany"]
[WhiteTeamCountry "INA"]
[BlackTeamCountry "GER"]

1. e4 e6 2. d4 d5 3. Nc3 Nf6 4. Bg5 Be7 5. e5 Nfd7 6. h4 c5 7. Bxe7 Kxe7 8. Qg4
(8. dxc5 $5 Nxe5 (8... Qa5 $6 9. Qd2 {/\0-0-0/})) (8. f4 cxd4 (8... Nc6 9. dxc5
Nxc5 10. Qd2 a6 11. O-O-O $14) 9. Qxd4 Qb6 10. Qxb6 (10. Qd2 Qxb2 11. Rb1 Qa3
12. Rb3 Qa5 $13) 10... Nxb6 11. h5 h6 12. Nf3 Bd7 13. Nb5 Nc6 14. b3 a6 15.
Nbd4 Nxd4 16. Nxd4 Nc8 $1 17. Kd2 Na7 $10 {Nunn,J-Seirawan,Y/Cannes/1992/})
8... Nc6 9. Qg5+ (9. dxc5 Ndxe5 (9... Kf8 $5 10. f4 Qa5 $13) 10. Qxg7 Rg8 $6 (
10... Bd7 11. O-O-O Qa5 12. f4 Rag8 {/\Ng4/}) 11. Qxh7 Bd7 12. O-O-O $16 {
Benjamin,J-Seirawan,Y/Los Angeles/1991/1:0/42/}) 9... Kf8 10. Qxd8+ Nxd8 11. f4
b6 $1 (11... cxd4 12. Nb5 f6 13. exf6 gxf6 14. Nxd4 Nc5 15. Ngf3 Nf7 16. c4 $1
$14 {Vogt,L-Crouch,C/Zenk/1991/1:0/40/}) 12. Nf3 Nc6 13. O-O-O Ke7 14. Bb5 Bb7
15. h5 h6 16. g4 Nxd4 17. Nxd4 cxd4 18. Rxd4 Nc5 19. b4 a6 20. Ba4 Nxa4 21.
Nxa4 Bc6 22. Nc3 Rac8 23. Kb2 Rc7 24. f5 $2 (24. Nd1 $1 {/\Ne3/}) 24... Rhc8
25. Rh3 Bd7 26. fxe6 $6 (26. a3 $10) 26... fxe6 27. a3 Rc4 28. Rhd3 Be8 29.
Rxc4 $6 Rxc4 30. Rg3 Rf4 $17 31. Kc1 d4 32. Nb1 Re4 33. Nd2 Rxe5 34. Rd3 Re1+
35. Kb2 e5 36. c3 Re3 $1 37. Rxe3 dxe3 38. Nf3 e4 39. Nd4 Kf6 40. Kc1 Bd7 41.
Nc2 e2 42. Kd2 Bxg4 43. Ne3 Bxh5 44. c4 Ke5 45. b5 axb5 46. cxb5 Kd4 47. Nf5+
Kc4 48. Nxg7 Bg4 0-1

[Event "EU-ch (Women) 15th"]
[Site "Plovdiv"]
[Date "2014.07.07"]
[Round "2"]
[White "Sandu, Mihaela"]
[Black "Paehtz, Elisabeth"]
[Result "0-1"]
[WhiteElo "2308"]
[BlackElo "2456"]
[Annotator "Mikhalchishin,A"]
[PlyCount "52"]
[EventDate "2014.07.06"]
[EventType "swiss"]
[EventRounds "11"]
[EventCountry "BUL"]
[SourceTitle "CBM 162"]
[Source "ChessBase"]
[SourceDate "2014.09.17"]
[SourceVersion "1"]
[SourceVersionDate "2014.09.17"]
[SourceQuality "1"]

1. e4 e6 2. d4 d5 3. Nc3 Nf6 4. Bg5 Be7 5. e5 Nfd7 6. h4 h6 7. Be3 c5 8. Qg4 g6
9. Nf3 Nc6 10. O-O-O c4 $5 {It is a very interesting decision to close the
centre. The top specialist in the French IGM Gleizerov preferred here} (10...
cxd4 11. Bxd4 a6 12. Qg3 (12. Bd3 Nxd4 13. Qxd4 Nc5 14. h5 g5 15. Nh2 b5 (15...
Qa5 16. Ng4 Bd7 17. Kb1 O-O-O 18. Rh3 Kb8 19. Rf3 Be8 20. Ne2 Na4 {play is
equal, Jezierski,P (2335)-Dejkalo,S (2390)/Warsaw 1988}) 16. Ng4 Bb7 17. Kb1
Qc7 18. Rh3 Nd7 19. b4 Qb6 20. Bf1 Rc8 21. a3 Qxd4 22. Rxd4 Nxe5 $1 23. Nxe5
Bf6 24. Re3 Rxc3 25. Rxc3 Bxe5 {Baghdasaryan,V (2414)-Gleizerov,E (2567)/Riga
2013 with winning position.}) 12... Qc7 13. Re1 Nc5 14. Kb1 b5 15. Bd3 ({
A more logical move was} 15. h5 g5 16. a3) 15... Bb7 16. Qf4 Rh7 17. Bxc5 Bxc5
18. Qg3 Rh8 19. Ne2 O-O-O 20. c3 Qb6 21. Rhf1 b4 22. Rc1 Kb8 23. Qf4 Rd7 24.
Ned4 {with a slight advantage, Dragovic,M (2364)-Gleizerov,E (2565)/Senta 2012}
) 11. Bxc4 $5 {White decided to use her rook on the central file and to commit
to the decisive break. Also possible was the positional solution} (11. Qg3 b5
$5 12. Nxb5 (12. h5 g5 13. Kb1 Qa5 14. Nd2 b4 15. Ne2 c3 {with unclear play.})
12... Qa5 13. a4 (13. h5 g5 (13... Qxb5 14. hxg6 Nb4 15. Rxh6 Nxa2+ 16. Kd2
Qb4+ 17. Ke2 Rxh6 18. Bxh6 fxg6 19. Qxg6+ Kd8 20. Ng5 Nb6 {with a very
complicated position.})) 13... Rb8 14. Bxc4 Qxa4 (14... dxc4 {was possible:}
15. d5 exd5 16. e6 Nf6 17. Nd6+ Kf8 18. Nxf7 Qb4 19. Qxg6 Qxb2+ 20. Kd2 Bb4+
21. Ke2 Rg8 22. Qxh6+ Ke7) 15. Bd3 Rxb5 16. Bxb5 Qxb5 17. Bd2 Nb6 18. Bc3 Na4 {
with a strong attack, Baghdasaryan,V (2395)-Sengupta,D (2570)/Kolkata 2013})
11... dxc4 12. d5 exd5 $1 {This is an Elisabeth novelty.} (12... Ncxe5 {
is much worse:} 13. Nxe5 Nxe5 14. Qg3 Bd6 15. Bf4 $2 (15. f4 Nd7 16. dxe6)
15... Qc7 $2 (15... Qf6 $142) 16. Nb5 Nd3+ 17. Kb1 Qb6 18. Nxd6+ Kf8 19. Nxc4
Qxf2 20. Bd6+ Kg8 21. Qxd3 {1-0 winning,(1957)/Belgorod 2008}) 13. Rxd5 $6 ({
A more promising try was} 13. Qf4 Nb6 14. Bxb6 axb6 15. Nxd5 Rxa2 16. Kb1 Ra5
17. e6 ({There is not sufficient compensation for the queen after} 17. Nf6+
Bxf6 18. Rxd8+ Bxd8 19. Nd2 Be6 20. Nxc4 Bxc4 21. Qxc4 Rxe5) 17... O-O 18. Qxh6
Rxd5 19. Rxd5 Qxd5 20. Ng5) 13... Nb4 ({A better option was} 13... O-O 14. Qe4
Nb4 15. Rdd1 Qa5 16. a3 Nc5 17. Bxc5 Bxc5 18. axb4 (18. Qf4 $142) 18... Bxb4
19. Kb1 Bxc3 20. bxc3 Bf5 {with a strong attack.}) 14. Rdd1 $2 ({White had to
chose} 14. Qxc4 O-O (14... Nxd5 15. Nxd5 Kf8 16. Rd1 Nb6 17. Bxb6 axb6 18. Nc7)
15. Rd2 Qa5 16. a3 Nc6 17. Bxh6 Ndxe5 18. Nxe5 Qxe5 (18... Nxe5 19. Qd5 Qxd5
20. Nxd5 Kh7 21. Bxf8 Bxf8 22. Nf6+ Kg7 23. Ne8+ Kh7 24. Re1) 19. Bxf8 Bxf8 {
with a very promising position.} 20. f4) 14... Qa5 15. e6 ({White would get no
real compensation after} 15. Qxc4 Nxe5 16. Qb5+ Nec6 17. Qxa5 Nxa5 18. Nb5 Na6)
({Or} 15. a3 Nc6 16. Rd5 Nb6) 15... Nf6 $1 16. exf7+ Kxf7 17. Qg3 Bf5 {Black
develops without any real problem.} 18. h5 ({Black is not in danger after} 18.
Ne5+ Ke8 19. a3 Nbd5 20. Bd4 Nxc3 21. Bxc3 Qa4) 18... Nxa2+ 19. Nxa2 Qxa2 20.
hxg6+ ({Or} 20. Qc7 c3 $1) 20... Kg8 $1 21. Rd4 ({There is a similar line} 21.
g7 Rh7 22. Qc7 c3) 21... c3 $1 22. Kd1 cxb2 23. Ke2 b1=Q 24. Rxb1 Qxb1 25. Qe5
Qxc2+ 26. Nd2 Re8 0-1

[Event "Tata Steel-A 77th"]
[Site "Wijk aan Zee"]
[Date "2015.01.10"]
[Round "1"]
[White "Vachier Lagrave, Maxime"]
[Black "Hou, Yifan"]
[Result "1-0"]
[WhiteElo "2757"]
[BlackElo "2673"]
[Annotator "Pavlovic,M"]
[PlyCount "115"]
[EventDate "2015.01.10"]
[EventType "tourn"]
[EventRounds "13"]
[EventCountry "NED"]
[EventCategory "20"]
[SourceTitle "CBM 165"]
[Source "ChessBase"]
[SourceDate "2015.03.11"]
[SourceVersion "1"]
[SourceVersionDate "2015.03.11"]
[SourceQuality "1"]

1. e4 e6 2. d4 d5 3. Nc3 Nf6 4. Bg5 Be7 5. e5 Nfd7 6. h4 {The Alekhine Chatard
Attack is always a very popular line.} h6 {One of many possible ideas for
Black here.} 7. Bxe7 {Not the only move for White. I will give alternatives
with new ideas seen recently.} (7. Be3 c5 8. Qg4 g6 9. Nf3 (9. h5 g5 10. f4
cxd4 11. Bxd4 Nc6 12. Nf3 Nxd4 13. Nxd4 a6 14. O-O-O Qc7 15. Re1 Nc5 16. Kb1
Bd7 17. Nf3 O-O-O 18. fxg5 hxg5 19. Qd4 Kb8 $13 {1/2-1/2 (28) Hunt,A (2428)
-Gleizerov,E (2552) Bratto 2014}) 9... cxd4 10. Bxd4 Nc6 11. O-O-O a6 12. Bd3
Nxd4 13. Qxd4 Nc5 14. h5 (14. Ne2 b5 15. Kb1 Bb7 16. Qg4 Qc7 17. Nf4 O-O-O 18.
Be2 Ne4 19. Nd3 Kb8 20. c3 Qb6 21. Qf4 $13 {0-1 (60) Georgiadis,N (2328)
-Ulibin,M (2538) Vienna 2011}) 14... g5 15. Nh2 b5 16. Ng4 Bb7 17. Kb1 Qc7 18.
Rh3 Nd7 19. b4 $6 Qb6 20. Bf1 Rc8 $15 {0-1 (42) Baghdasaryan,V (2414)
-Gleizerov,E (2567) Riga 2013}) 7... Qxe7 8. Nb5 $5 {A rare, but not unknown
motif in the French.} (8. Qg4 O-O $5 9. f4 c5 10. O-O-O Nc6 11. Nf3 a6 12. dxc5
(12. Rh3 cxd4 13. Nxd4 Nxd4 14. Rxd4 f6 15. exf6 Nxf6 16. Qd1 b5 17. Re3 Qc5
18. Qd2 Rb8 19. Bd3 b4 20. Ne2 Bd7 $13) 12... f6 13. exf6 Nxf6 14. Qg6 Qxc5 15.
Re1 Bd7 16. Ne5 Be8 17. Qd3 Nxe5 18. fxe5 Ng4 $19 {0-1 (23) Sukandar,I (2349)
-Ni Hua (2637) Ho Chi Minh City 2012}) 8... Nb6 9. c3 a6 10. Na3 c5 11. Nf3 Nc6
12. Bd3 {White keeps a knight on a3 for a while controlling the c4-square.
What is interesting is that this knight will stay here for a while in the game.
} cxd4 13. cxd4 O-O ({Black could go for an endgame with} 13... Qb4+ 14. Qd2
Bd7 15. Nc2 Qxd2+ 16. Kxd2 Rc8 17. b3 {but it is possible that White can keep
some initiative, for instance.} O-O 18. h5 f6 19. Raf1 Be8 (19... fxe5 20. Nxe5
Nxe5 21. dxe5 Bb5 22. Bxb5 axb5 23. f4 Nd7 24. Nd4 Nc5 25. Rc1 $1 $14) 20. exf6
Rxf6 21. Ne5 Rf8 22. f4 Nd7 23. g4 $36) ({Or an entirely different approach:} 
13... Bd7 14. O-O O-O-O 15. Qd2 Kb8 16. Nc2 f5 {with complicated play.}) 14.
O-O f6 15. exf6 Qxf6 16. Rc1 e5 17. dxe5 Nxe5 18. Nxe5 Qxe5 19. Qb3 Qd6 20. Qc2
Bd7 21. Qc7 {The best chance for White.} Qf6 {The alternative might be better,
after all as we will see Black exchanged queens under less favourable
circumstances:} (21... Qxc7 22. Rxc7 Bc6 23. Re1 Rae8 24. Ree7 Rxe7 25. Rxe7
Na4 26. Nc2 $1 Nxb2 27. Bg6 Rf6 28. h5 Kf8 29. Rc7 Nc4 30. Nd4 $36 {Despite
beeing a pawn down White keeps some intiative but chances for draw are high
for Black.}) 22. Qxb7 Rfb8 23. Qc7 Qxb2 24. Qd6 $1 Qf6 25. Qxf6 gxf6 26. Rc5
$14 {An unpleasant endgame for Black.} Rc8 27. Ra5 Rc3 28. Rb1 Na4 29. Bb5 Bf5
30. Rb3 Rc1+ 31. Kh2 Nc3 32. Bc6 Rd8 33. Rc5 Nxa2 34. Rxd5 Rf8 35. Rd6 $16 {
The white pressure in the endgame increased.} Nc3 36. Nc4 $1 {Finally moved
with great effect! Who says that a piece on the edge of the board is a bad
piece!?} Nb5 37. Bxb5 axb5 38. Ne3 Rc5 39. Nd5 Kh8 40. Nxf6 {Reaching three
against one on the kingside is a serious advantage for White.} Re5 41. f3 Re6
42. Ne4 Rb8 43. Rb4 Rxd6 44. Nxd6 Bd7 45. Kg3 Kg7 46. Kf4 Kf6 47. g4 Ra8 48.
Rb3 Rb8 49. Ne4+ Ke7 50. Nc5 Bc6 51. Na6 Rf8+ 52. Kg3 Bd5 53. Re3+ Kd6 54. Rd3
$18 Rd8 55. Nb4 Kc5 56. Rxd5+ Rxd5 57. Nxd5 Kxd5 58. Kf2 1-0

[Event "SUI-ch"]
[Site "Pontresina"]
[Date "2000.07.20"]
[Round "8"]
[White "Pelletier, Yannick"]
[Black "Zueger, Beat"]
[Result "1/2-1/2"]
[WhiteElo "2474"]
[BlackElo "2420"]
[Annotator "Pelletier,Y"]
[PlyCount "65"]
[EventDate "2000.07.13"]
[EventType "tourn"]
[EventRounds "9"]
[EventCountry "SUI"]
[EventCategory "9"]
[SourceTitle "CBM 079"]
[Source "ChessBase"]
[SourceDate "2000.11.21"]
[SourceVersion "1"]
[SourceVersionDate "2000.11.21"]
[SourceQuality "1"]

1. e4 e6 2. d4 d5 3. Nc3 Nf6 4. Bg5 Be7 5. e5 Nfd7 6. Bxe7 Qxe7 7. f4 a6 8. Nf3
c5 9. Qd2 Nc6 10. O-O-O $6 {Nach diesem Fehler erhält Schwarz sehr gutes Spiel.
Die kommende Bauerstruktur erinnert an die eines Königsinders (zwar mit
vertauschten Flanken!), wo der schwarze Flankenangriff ist} (10. dxc5 $142)
10... c4 $1 11. f5 Nb6 (11... b5 12. fxe6 fxe6 13. Ne2 {würde die weissen
Probleme vermindern.}) 12. fxe6 Bxe6 {Meiner Meinung nach ist dies stärker als
12...fxe6. Im klassischen Königsindisch ist es auch für den Nachziehenden
günstig, wenn er auf d6 mit dem Läufer zurückschlagen kann.} 13. Be2 ({Es war
sicher besser,} 13. Ng5 {zu spielen, da nun Schwarz diese Möglichkeit
verhindert.}) 13... h6 ({Nach der Partie schlug Beat} 13... O-O {vor, aber ich
denke, dass der Textzug besser ist.}) 14. Rdf1 O-O-O ({Stark war das
unverzügliche} 14... Nd7 $1 {, da} 15. Bxc4 $2 ({besser ist} 15. Nd1 {, obwohl}
b5 16. c3 b4 {Schwarz starken Angriff verspricht.}) 15... dxc4 16. d5 {wegen}
Ndxe5 17. Nxe5 Nxe5 18. dxe6 Qxe6 $17 {nicht zu befürchten ist.}) 15. g3 Bh3 $6
{Die schwarze Idee mit g5 ist verfehlt, denn am Königsflügel ist ja Weiss
Meister. Schwarz muss am Damenflügel agieren, und deshalb war} (15... Nd7 {
der richtige Zug.}) 16. Rf2 g5 17. Ne1 $6 {Wie immer im Königsinder trägt
Unentschlossenheit böse Konsequenzen mit sich.} ({Während der Partie dachte
ich, es sei unnötig einen Bauern zu opfern, meine Stellung sei nach der
Schwächung 16...g5 ohnehin vorzuziehen. Das mag stimmen, aber kräftiger wäre} 
17. g4 $1 {gewesen, z.B:} Bxg4 (17... Qd7 18. Rg1 Bxg4 19. Nxg5 Bxe2 20. Nxf7
Bh5 21. Nxh8 Rxh8 22. Rf6 $14) 18. Nh4 (18. Nxg5 $6 Bxe2 19. Nxf7 Bh5 20. Nxh8
Rxh8 {/\Nd7}) 18... Be6 (18... gxh4 19. Bxg4+ Kb8 20. Rhf1 $16) (18... Bxe2 19.
Nf5 Qf8 (19... Qb4 20. Nxe2) 20. Nxe2 $44) 19. Nf5 Qf8 20. Rhf1 (20. Nd6+ Rxd6
21. exd6 Qxd6 $15) 20... Kb8 21. Bh5 {mit guter Kompensation dank Druck auf
der f-Linie.}) 17... Be6 18. Ng2 Kb8 19. Rhf1 (19. Ne3 $2 {scheitert an} Nxe5
$1 20. dxe5 d4 21. Nf5 dxc3 22. Qxc3 Qc5 {mit schwarzem Vorteil. Dass dasselbe
Motiv auch ohne den Rückgewinn der Figur auftauchen würde, hatte ich nicht
erwartet.}) 19... Nxe5 $5 {Objektiv gesehen soll dieses Opfer nicht genügen,
aber Beat befürchtete, dass bei normaler Spielweise der leichte weisse Vorteil
sich vergrössern würde. Aus praktischer Sicht ist also die schwarze
Entscheidung korrekt.} 20. dxe5 d4 21. Nb1 Qc5 $1 (21... c3 $2 {wäre verfrüht:}
22. bxc3 Bxa2 23. cxd4 Na4 24. Rf3 $18) 22. a3 ({Ich verwarf} 22. Bh5 {, weil
ich das Feld c4 nicht hergeben wollte, doch Fritz6 zeigt uns einige Ressourcen:
} c3 23. bxc3 Bxa2 (23... Nc4 24. cxd4 $1 {(wenn ich mich richtig erinnere,
habe ich das verpasst)} Nxd2 (24... Rxd4 25. Qc3) 25. dxc5 Nxf1 26. Rxf1 $16)
24. cxd4 Rxd4 25. Qc3 Nc4 (25... Rc4 26. Qa3) 26. Bxf7 Bxb1 27. Kxb1 Nd2+ 28.
Kb2 {Weiss verbleibt mit Materialvorteil und hat das Schlimmste überstanden.})
(22. c3 $6 {sieht wie die logische Antwort aus, aber nach} dxc3 23. Qxc3 Nd5
24. Qa3 (24. Qxc4 Qa5 $1) 24... Nb4 25. Nc3 a5 {vermag ich keinen nützlichen
Zug zu finden, während Schwarz viele zur Verbesserung seiner Stellung besitzt.}
) 22... c3 (22... a5 {zog ich ebenfalls in Betracht (richtet sich gegen Qb4),
aber dann wollte ich} 23. c3 dxc3 24. Qxc3 Nd5 25. Qc2 {spielen, da der Nd5
nicht mehr nach b4 kann.}) 23. bxc3 Na4 24. c4 (24. cxd4 $2 Rxd4) 24... Nc3 25.
Bd3 Bxc4 (25... b5 {befürchtete ich mehr; ich hatte vor, mittels} 26. Nxc3 ({
auch} 26. cxb5 {führt zum Vorteil}) 26... Qxa3+ 27. Kd1 dxc3 28. Qe3 bxc4 (
28... Bg4+ 29. Rf3 bxc4 30. Qb6+ Ka8 31. Qc6+ Kb8 32. Qxc4 $16) 29. Qb6+ {
Dauerschach zugeben, aber in Wirklichkeit gewinnt Weiss nach} Ka8 30. Qc6+ Kb8
31. Rxf7 $1) 26. Bxc4 (26. Kb2 {sieht gut aus, aber} Rc8 (26... Qb5+ 27. Ka1)
27. Nxc3 Bxd3 28. Qxd3 dxc3+ 29. Ka2 Rhd8 30. Qf3 Qc4+ 31. Ka1 Qc5 {erzwingt
die Zugwiederholung.}) 26... Qxc4 27. Rf3 $2 {Dann erreicht Schwarz den
Remishafen.} ({Mittels} 27. Nxc3 {konnte Weiss immer noch auf den Sieg spielen,
z.B:} dxc3 28. Qe3 Rd4 (28... Rc8 29. Ne1 Qa2 30. Kd1 Rhd8+ 31. Nd3) 29. Rd1
Rhd8 30. Rxd4 Rxd4 31. Rf3 Rd2 32. e6 $1 fxe6 33. Qe5+ Ka7 34. Rxc3 $18) 27...
Qa2 28. Nxc3 ({Ziemlich gefährlich ist} 28. Rxc3 dxc3 29. Qxc3 Rc8 30. Qb2 Qd5
31. Ne3 Qd3 $5 32. Re1 Rhe8 $44 {, da die weissen Figuren, im Gegensatz zu den
schwarzen, schlecht koordiniert sind.}) 28... Qxa3+ 29. Kb1 (29. Kd1 dxc3 30.
Rd3 Qa1+ 31. Qc1 Rxd3+ 32. cxd3 c2+ 33. Kd2 Qa5+ 34. Ke2 Qxe5+ $40) 29... Qb4+
30. Kc1 Qa3+ 31. Kb1 Qb4+ 32. Kc1 Qa3+ 33. Kb1 1/2-1/2